00397nam a2200145Ia 4500008004100000020001500041041001200056082001600068100002200084245008400106250000800190260002900198300000800227650001600235221030s9999 xx 000 0 und d a817656964X aEnglish a105.23bBay aI. Bayross ( PR ) 0aSQL, PL / SQL : The Programming Language of Oracle ( PR )cby I. Bayross ( PR ) a3rd bBPB PubaNew Delhic2005 a443 aBE Computer